000 00653nam a2200193 a 4500
001 000013640
005 20200929163309.0
008 091126s1967 sp 001 j spa d
040 _aDO-SdBNP
_bspa
_cBNPHU
082 _aPR863.44
_bM519c
100 1 _aMeléndez Muñoz, Miguel,
_d1884-1966
_931056
245 1 0 _aCuentos del cedro /
_cMiguel Meléndez Muñoz ; prólogo, M. Zeno Gandía.
260 _aBarcelona :
_bRumbos,
_c1967.
300 _a172 p. ;
_c21 cm.
650 4 _aCuentos puertorriqueños
_9249
650 4 _aLiteratura puertorriqueña
_ySIGLO XX
_95311
700 1 _aM. Zeno Gandía,
_q(Manuel Zeno Gandía),
_epról.
_931057
049 _aBNGR
999 _c13254
_d13254